| 000 | 00994nam a2200217 4500 | ||
|---|---|---|---|
| 008 | 010524s1996 us chiCO | ||
| 020 | _a0941598772 | ||
| 090 |
_aBS2361.2 _bR54l _bLuke |
||
| 100 | 1 | _a羅伯遜 Robertson, Archibald T. | |
| 245 | 1 | 0 |
_a活泉新約希臘文解經(卷二)--路加福音 Living Spring Greek New Testament exegetical notes : _bthe Gospel according to Luke {ch} / _c羅伯遜 by Archibald T. Robertson; compiled translated, supplemented and updated by Victor Lai |
| 250 | _aupdated ed. | ||
| 260 |
_aCalifornia : _b活泉出版社 (美國) Living Spring Publications, _cc1996. |
||
| 300 | _axxxi, 430 p. | ||
| 500 | _aBased on Word Pictures in the New Testament. | ||
| 505 | 0 | _avol. II | |
| 650 | 4 |
_aBible. N.T. Chinese _xCommentaries _xCollected works {ch} |
|
| 650 | 4 |
_aBible. N.T. Luke _xCommentaries {ch} |
|
| 700 | 1 | _aLai, Victor | |
| 950 | 0 | _1196.80/1480/Php1759.29 | |
| 951 |
_pC-2919 _x00009318 _oBS2361.2/R54l/Luke-II _j070613111131265 _d2000-12-21 _cREF |
||
| 999 |
_c12143 _d12143 |
||